Normal view
MARC view
Entry Nome pessoal
001 - NÚMERO DE CONTROLE
- campo de controle: 710
003 - IDENTIFICADOR DO NÚMERO DE CONTROLE
- campo de controle: Br
005 - DATA E HORÁRIO DA ÚLTIMA TRANSAÇÃO
- campo de controle: 20250328145127.0
008 - CAMPO DE DADOS FIXOS
- campo de controle de tamanho fixo: 970819n| acnnnaab| aaaa
035 ## - NÚMERO DE CONTROLE DO SISTEMA
- Número de Controle do Sistema: 97081917415697004
040 ## - FONTE DA CATALOGAÇÃO
- Instituição da catalogação original: Br
- Instituição que transcreveu o registro: Br
100 1# - CABEÇALHO--NOME PESSOAL
- Nome pessoal: Belinky, Tatiana,
- Datas associadas ao nome: 1919-2013
- Função do autor por extenso: TRADUTORA
400 1# - REMISSIVA VER--NOME PESSOAL
- Nome pessoal: Gouveia, Tatiana Belinky
- Datas associadas ao nome: 1919-2013
670 ## - FONTE POSITIVA DOS DADOS
- Citação da fonte positiva dos dados: Autora de: A saga de Siegfried. 1993.
670 ## - FONTE POSITIVA DOS DADOS
- Citação da fonte positiva dos dados: Seu: Transplante de menina... 1989
- Dados encontrados na fonte localizada no subcampo: (ficha cat.: d.n.)
670 ## - FONTE POSITIVA DOS DADOS
- Citação da fonte positiva dos dados: http://authorities.loc.gov 4/3/11
- Dados encontrados na fonte localizada no subcampo: (nasceu em Leningrado, em 1919, veio para o Brasil com 10 anos)
670 ## - FONTE POSITIVA DOS DADOS
- Citação da fonte positiva dos dados: Bibliogr. lit. inf. língua port., 88/89
- Dados encontrados na fonte localizada no subcampo: (tradutora e adaptadora)
670 ## - FONTE POSITIVA DOS DADOS
- Citação da fonte positiva dos dados: http://www.uol.com.br/criancas/tatianabelinky/quem.htm
- Dados encontrados na fonte localizada no subcampo: (nasceu na Rússia em 1919; veio para o Brasil aos 10 anos de idade; escritora e tradutora)
670 ## - FONTE POSITIVA DOS DADOS
- Citação da fonte positiva dos dados: http://pt.wikipedia.org/wiki/Tatiana_Belinky 21/08/13
- Dados encontrados na fonte localizada no subcampo: (São Petersburgo, 18/03/1919-15/06/2013, em São Paulo, escritora de livros infanto-juvenis)